Lecciones de apologética

Збережено в:
Бібліографічні деталі
Автор: Marín Negueruela, Nicolás (autor)
Формат: Книга
Мова:Іспанська
Опубліковано: Barcelona Tipografía Católica Casals 1932
Редагування:3a. ed
Предмети:
Теги: Додати тег
Немає тегів, Будьте першим, хто поставить тег для цього запису!

MARC

LEADER 00000nam a2200000 a 4500
001 UCL2110
003 CL-VaPUC
008 031010e19320000SP |||||||||||||||||spa|d
082 0 4 |a 239  |b MAR  |2 21 
100 |a Marín Negueruela, Nicolás  |e autor  |9 583860 
245 1 0 |a Lecciones de apologética 
250 |a 3a. ed 
300 |a v 
942 |c BK 
945 |d 20031010 00:00:00  |a vberengu 
260 |a Barcelona  |b Tipografía Católica Casals  |c 1932 
500 |a v.2: Cristianismo 
500 |a  Catolicismo 
600 0 |a Jesús  |9 313614 
650 0 |a Apologética  |9 269349 
650 0 |a Cristianismo  |9 257361 
650 0 |a Catolicismo  |9 258690 
650 0 |a Evangelios  |9 314864 
583 |a last modification  |c 20031010 00:00:00  |k Rodrigo Vera 
999 |c 305470  |d 305468 
952 |0 0  |1 0  |4 0  |6 239_000000000000000_MAR_1932  |7 0  |8 P  |9 369378  |a BIBTEO  |b BIBTES  |c TEO_FTES  |d 2019-11-21  |h v.2  |i 2079682  |o 239 MAR 1932  |p 2079682  |r 2024-01-18  |w 2019-11-21  |y BK  |k ICR